[Event "SVK-ch U18/20"]
[Site "Liptovsky Mikulas"]
[Date "2019.04.27"]
[Round "6"]
[White "Bednar, Jozef"]
[Black "Matis, Tibor"]
[Result "1/2-1/2"]
[WhiteElo "1802"]
[BlackElo "1856"]
[PlyCount "103"]
[EventDate "2019.04.23"]
[EventType "swiss"]
[EventRounds "9"]
[EventCountry "SVK"]
[SourceTitle "CBM 190 Extra"]
[Source "ChessBase"]
[SourceDate "2019.07.15"]
[SourceVersion "1"]
[SourceVersionDate "2019.07.15"]
[SourceQuality "1"]

1. Nf3 c5 2. g3 Nc6 3. Bg2 Nf6 4. 0-0 e6 5. d3 d5 6. Nbd2 Be7 7. e4 0-0 8. Ne1 e5 9. c3 dxe4 10. dxe4 b6 11. f4 Ba6 12. Rf2 Qd7 13. f5 b5 14. Qf3 c4 15. Nf1 Rfd8 16. Be3 Bb7 17. g4 Qe8 18. g5 Nd7 19. Qg4 Nc5 20. f6 Bd6 21. Ng3 Bc8 22. Nf5 Ne6 23. fxg7 Rd7 24. Qh4 Nxg7 25. Rf3 Nxf5 26. exf5 Rc7 27. Rd1 Qf8 28. f6 Be6 29. Bh3 Rd8 30. Bg4 Bxg4 31. Qxg4 Rcd7 32. Qe4 Ne7 33. fxe7 Qxe7 34. Rh3 f6 35. g6 Qe6 36. Rg3 f5 37. gxh7+ Kh8 38. Qd5 Qxd5 39. Rxd5 Rxh7 40. Rg6 Rhd7 41. Kf1 f4 42. Bxa7 Rxa7 43. Rgxd6 Rxd6 44. Rxd6 Rxa2 45. Rd2 Kg7 46. Nf3 Kf6 47. Ke2 Kf5 48. h4 e4 49. Nd4+ Kg4 50. Nxb5 e3 51. Rc2 Ra1 52. Nd6 1/2-1/2

[Event "SVK-ch U18/20"]
[Site "Liptovsky Mikulas"]
[Date "2019.04.26"]
[Round "5"]
[White "Polak, Marcel"]
[Black "Bednar, Jozef"]
[Result "1-0"]
[WhiteElo "1854"]
[BlackElo "1802"]
[PlyCount "61"]
[EventDate "2019.04.23"]
[EventType "swiss"]
[EventRounds "9"]
[EventCountry "SVK"]
[SourceTitle "CBM 190 Extra"]
[Source "ChessBase"]
[SourceDate "2019.07.15"]
[SourceVersion "1"]
[SourceVersionDate "2019.07.15"]
[SourceQuality "1"]

1. d4 Nf6 2. Bf4 g6 3. Nc3 Bg7 4. e4 d6 5. Qd2 c6 6. 0-0-0 b5 7. f3 Qa5 8. Kb1 b4 9. Nce2 Qb6 10. Bh6 Bxh6 11. Qxh6 a5 12. Nc1 a4 13. d5 c5 14. Qe3 Nbd7 15. f4 Qc7 16. Nf3 Ba6 17. h3 0-0 18. e5 Ne8 19. e6 Nb6 20. f5 Ng7 21. exf7+ Rxf7 22. fxg6 hxg6 23. Bxa6 Rxf3 24. gxf3 Rxa6 25. Qd3 c4 26. Qxg6 c3 27. Rhg1 e5 28. dxe6 cxb2 29. Qe8+ Kh7 30. Rd4 bxc1Q+ 31. Kxc1 1-0

[Event "SVK-chT2D 1819"]
[Site "Slovakia"]
[Date "2018.11.18"]
[Round "4.7"]
[White "Bednar, Jozef"]
[Black "Zigo, Pavol"]
[Result "1/2-1/2"]
[WhiteElo "1838"]
[BlackElo "1800"]
[PlyCount "45"]
[EventDate "2018.10.13"]
[EventType "team-tourn"]
[EventRounds "11"]
[EventCountry "SVK"]
[SourceTitle "CBM 187 Extra"]
[Source "ChessBase"]
[SourceDate "2018.11.04"]
[SourceVersion "1"]
[SourceVersionDate "2018.11.04"]
[SourceQuality "1"]
[WhiteTeam "Stropkov/Svidnik"]
[BlackTeam "Kosice Slavia UPJS III"]
[WhiteTeamCountry "SVK"]
[BlackTeamCountry "SVK"]

1. d4 d5 2. c4 c6 3. Nc3 Nf6 4. Nf3 e6 5. e3 Be7 6. Bd3 Nbd7 7. 0-0 0-0 8. e4 dxe4 9. Nxe4 Nxe4 10. Bxe4 Nf6 11. Bc2 c5 12. dxc5 Qxd1 13. Rxd1 Bxc5 14. Bg5 Be7 15. Ne5 h6 16. Bxf6 Bxf6 17. Nd7 Bxd7 18. Rxd7 b6 19. Rb1 Rfd8 20. Rbd1 Rxd7 21. Rxd7 Bxb2 22. Be4 Rc8 23. Rxa7 1/2-1/2